Pires épidémies - Statistiques

Statistiques générales
  • Ce quiz a été pris 256 fois
  • Le résultat moyen est 4 sur 10
Statistiques - réponses
Date Morts Maladie % Correct
1346 -1353 Entre 75 et 200 millions Peste noire
84%
Depuis le 16 novembre 2019 Au moins 6,8 millions Covid-19
72%
4 mars 1918 - juillet 1920 Au moins 50 millions Grippe espagnole
68%
Depuis 1981 Au moins 40 millions Sida
64%
1519 - 1520 Entre 5 et 8 millions Variole
30%
1855 - 1945 Entre 12 et 15 millions Peste de Chine
21%
541-767 Entre 30 et 50 millions Peste de Justinien
14%
1918 - 1922 2,5 millions Typhus
12%
165 - 180 Entre 5 et 10 millions Peste antonine
4%
1545 - 1548 Entre 5 et 15 millions Cocoliztli
1%
Aucun quiz correspondant
Distribution des résultats
% des personnes avec chaque résultat
Percentile par nombre de réponses
Votre historique - résultats
Vous n’avez pas pris ce quiz